书目信息 |
| 题名: |
东京志略
|
|
| 作者: | 宋继郊 编撰 | |
| 分册: | ||
| 出版信息: | 开封 河南大学出版社 1999.09 |
|
| 页数: | 720页 | |
| 开本: | 32开 | |
| 丛书名: | ||
| 单 册: | ||
| 中图分类: | K296.13KF | |
| 科图分类: | ||
| 主题词: | 地方志--河南--开封 , 中国--地方志 | |
| 电子资源: | ||
| ISBN: | 7-81041-440-2 | |
| 000 | 00630nam0 2200217 45 | |
| 001 | 0106200848 | |
| 005 | 20031219104050.5 | |
| 010 | @a7-81041-440-2@b精装@dCNY95.00 | |
| 100 | @a20010620d1999 km y0chiy0120 ea | |
| 101 | 0 | @achi |
| 105 | @a z 000yy | |
| 200 | 1 | @a东京志略@ADong Jing Zhi Lue@f(清)宋继郊编撰@F(Qing)Song Ji Jiao Bian Zhuan |
| 210 | @a开封@c河南大学出版社@d1999.09 | |
| 215 | @a720页@d32开 | |
| 605 | @a东京志略@x注释 | |
| 606 | 0 | @a地方志@y河南@y开封 |
| 606 | 0 | @a中国@x地方志 |
| 690 | @aK296.13KF@v4 | |
| 701 | @a宋继郊@4编撰 | |
| 801 | @aCN@bTSTC@c20010620 | |
| 905 | @f3@b298435-437@dK296.13KF@e102 | |
| 东京志略/(清)宋继郊编撰.-开封:河南大学出版社,1999.09 |
| 720页;32开 |
| ISBN 7-81041-440-2(精装):CNY95.00 |
| ● |
| 相关链接 |
|
|
|
|
正题名:东京志略
索取号:K296.13KF/102
 
预约/预借
| 序号 | 登录号 | 条形码 | 馆藏地/架位号 | 状态 | 备注 |
| 1 | 0298435 | 202984351 | 第二借阅区/ [索取号:K296.13KF/102] | 在馆 | |
| 2 | 0298436 | 202984360 | 第二借阅区/ [索取号:K296.13KF/102] | 在馆 | |
| 3 | 0298437 | 202984379 | 第二样本阅览室/ [索取号:K296.13KF/102] | 在馆 |